<?xml version="1.0" encoding="UTF-8"?>
<collection xmlns="http://www.loc.gov/MARC21/slim">
 <record>
  <leader>03034nam a2200241Ia 4500</leader>
  <controlfield tag="001">CTU_20229</controlfield>
  <controlfield tag="008">210402s9999    xx            000 0 und d</controlfield>
  <datafield tag="020" ind1=" " ind2=" ">
   <subfield code="b">28500</subfield>
  </datafield>
  <datafield tag="082" ind1=" " ind2=" ">
   <subfield code="a">005.3</subfield>
  </datafield>
  <datafield tag="082" ind1=" " ind2=" ">
   <subfield code="b">H523</subfield>
  </datafield>
  <datafield tag="100" ind1=" " ind2=" ">
   <subfield code="a">Võ, Văn Huy</subfield>
  </datafield>
  <datafield tag="245" ind1=" " ind2="0">
   <subfield code="a">Ứng dụng SPSS for Windows để xử lý và phân tích dữ kiện nghiên cứu :</subfield>
  </datafield>
  <datafield tag="245" ind1=" " ind2="0">
   <subfield code="b">Marketing, quản trị, kinh tế, y học, tâm lí, xã hội</subfield>
  </datafield>
  <datafield tag="245" ind1=" " ind2="0">
   <subfield code="c">Võ Văn Huy, Hoàng Trọng, Võ Thị Lan ; hiệu đính Hoàng Trọng</subfield>
  </datafield>
  <datafield tag="260" ind1=" " ind2=" ">
   <subfield code="a">Hà Nội</subfield>
  </datafield>
  <datafield tag="260" ind1=" " ind2=" ">
   <subfield code="b">Khoa học và Kỹ thuật</subfield>
  </datafield>
  <datafield tag="260" ind1=" " ind2=" ">
   <subfield code="c">1997</subfield>
  </datafield>
  <datafield tag="520" ind1=" " ind2=" ">
   <subfield code="a">SPSS for Windows (Statistical Package for social sciences) là một phần mềm quản lý cơ sở dữ liệu và xử lý thống kê chuyên nghiệp. Sách này giới thiệu nội dung cốt lõi của SPSS for Windows Release 5.0 và 6.0, và được chia thành 13 chương. Chương 1 giới thiệu về SPSS. Chương 2 khảo sát từng biến đơn. Chương 3 cho cái nhìn tổng quát về phương pháp tích nhị biến: giữa 2 biến định tính, giữa 2 biến định lượng, giữa 1 biến định tính, giữa 1 biến định lượng. Chương 4 và 5 trìng bày về mã hóa, nhập liệu, avf sửa đổi dữ liệu. Các chương 6,7,8,9,10 lần lượt trình bày chi tiết các phương pháp được đề cập trong chương 3: chương 6 kiểm định giả thiết về sự khác biệt giữa trung bình của hai tổng thể; chương 7 và 8 đề cập chi tiết đến một công cụ quan trọng là phương pháp phân tích phương sai;  chương 9 và 10 trình bày tỉ mỉ về phương pháp tương quan và hồi quy. Chương 11 cung cấp một số thủ tục kiểm định phi tham số thường dùng nhất với các ví dụ. Chương 12 trìng bày về cách tạo ra những biểu đồ và đồ thị cơ bản trong SPSS. Cuối cùng, chương 13 cung cấp một số tiện ích để sử dụng SPSS một cách thuận lợi hơn. Sách còn có hai mục lục tổng quát và chi tiết để tiện việc tra cứu. Ngoài ra, sách còn kèm theo một đĩa mềm 1.4MB chứa các file dữ liệu đã sử dụng để làm ví dụ trong các chương.</subfield>
  </datafield>
  <datafield tag="526" ind1=" " ind2=" ">
   <subfield code="a">Tin học ứng dụng và mô hình hóa,Thống kê phép thi nghiệm,Phân tích định lượng trong quản trị,Thống kê phép thi nghiệm,Tin học ứng dụng và mô hình hóa</subfield>
  </datafield>
  <datafield tag="526" ind1=" " ind2=" ">
   <subfield code="b">XH727,XH726,KT641,NN686,NN797</subfield>
  </datafield>
  <datafield tag="650" ind1=" " ind2=" ">
   <subfield code="a">SPSS (Computer programs)</subfield>
  </datafield>
  <datafield tag="904" ind1=" " ind2=" ">
   <subfield code="i">Minh</subfield>
  </datafield>
  <datafield tag="980" ind1=" " ind2=" ">
   <subfield code="a">Trung tâm Học liệu Trường Đại học Cần Thơ</subfield>
  </datafield>
 </record>
</collection>
